| 000 | 00477nam a2200181Ia 4500 | ||
|---|---|---|---|
| 005 | 20240710024612.0 | ||
| 008 | 240331s9999 xx 000 0 und d | ||
| 020 | _a0415097835 | ||
| 082 |
_a176 _bDIP |
||
| 100 | _aDiprose, R | ||
| 245 | 4 |
_aThe bodies of women : _bethics, embodiment and sexual difference |
|
| 260 |
_aLondon _bRoutledge _c1994 |
||
| 300 | _axi, 148 p., | ||
| 650 | _aFeminist ethics | ||
| 650 | _aSexual Difference | ||
| 650 | _aFeminist Theory | ||
| 942 | _cL | ||
| 999 |
_c769 _d769 |
||